| 000 | 01577nam a22003977a 4500 | ||
|---|---|---|---|
| 003 | CHAP | ||
| 005 | 20220329143755.0 | ||
| 008 | 110805s2011 mx r 00010 spa d | ||
| 010 | _a101732 | ||
| 011 | _a102704 | ||
| 035 | _a113393 | ||
| 040 | _cCHAP | ||
| 090 | _aTesis | ||
| 100 | 1 |
_aHernández Maruri, José Alfredo. _954319 |
|
| 245 | 1 | 0 |
_aEstado nutrimental en mango Ataulfo y su relación con la producción de frutos partenocárpios _h[En línea] _c/por José Alfredo Hernández Maruri |
| 260 |
_aChapingo, Méx. : _bEl autor, _c2011 |
||
| 500 | _aPara ver el contenido del material haga clic en la liga | ||
| 502 | _aTesis (Ph. D. en Ciencias en Horticultura) -- UACH. Departamento de Fitotecnia | ||
| 590 |
_aALEPH _b10 _c20130110 _lUCH01 _h1541 |
||
| 590 |
_aBATCH-UPD _b10 _c20130110 _lUCH01 _h1203 |
||
| 590 |
_aBATCH-UPD _b10 _c20130410 _lUCH01 _h0745 |
||
| 590 |
_aBATCH-UPD _b10 _c20130914 _lUCH01 _h1356 |
||
| 590 |
_aBATCH-UPD _b10 _c20140324 _lUCH01 _h1526 |
||
| 590 |
_aBATCH-UPD _b10 _c20141002 _lUCH01 _h0850 |
||
| 590 |
_aCONVERSION _b10 _c20130109 _lUCH01 _h1356 |
||
| 650 | 1 | 4 |
_aFenología. _940043 |
| 650 | 1 | 4 |
_aFertilizantes _xEfecto en suelos. _940553 |
| 650 | 1 | 4 |
_aFruta _xValor nutritivo. _943664 |
| 650 | 1 | 4 |
_aMango _xRendimiento. _970455 |
| 650 | 1 | 4 |
_aPartenocarpia. _985793 |
| 856 |
_3Finding aid _uhttp://10.13.5.2/tesis/113393.pdf _zTeclea aquí |
||
| 901 | _aBK | ||
| 942 | _cFOLL | ||
| 949 |
_aTesis _bBC _cTES _d33724002245454 _eTS1 _gDonaciØn _h52546 _i113393 _st |
||
| 949 |
_aTesis _bBC _cTES _d33724002245496 _eTS2 _fc.2 _gDonaciØn _h52547 _i113393 _st |
||
| 999 |
_c101732 _d101732 |
||